Statystyki dla Rebus - Alfabetyczny łańcuch słów

Kliknij tutaj aby rozwiązać quiz!

Ogólne statystyki

  • Ten quiz został rozwiązany 114 razy
    (94 od ostatniego zresetowania)
  • Średni wynik to 13 z 23

Statystyki odpowiedzi

Odpowiedź% Poprawnych
E{l}f
95%
F{lamin}g
93%
A{ra}b
91%
Z{ebr}a
89%
G{roc}h
88%
Ł{o}m
84%
O{ka}p
81%
R{enesan}s
80%
H{ait}i
79%
P{arkou}r
70%
N{ieb}o
63%
T{uval}u
60%
S{ena}t
51%
J{una}k
49%
B{rzdą}c
40%
D{ant}e
36%
U{niejó}w
35%
C{za}d
29%
L{inia}ł
25%
K{abu}l
24%
M{agella}n
20%
I{C}J
16%
W{alt}z
13%

Rozkład punktacji

Percentyl według liczby udzielonych odpowiedzi

Procent ludzi z każdym wynikiem

Twoja historia wyników

Nie rozwiązałeś tego quizu od ostatniego zresetowania